[Event "Pan American-ch School U17 12th"]
[Site "Callao"]
[Date "2023.10.20"]
[Round "8"]
[White "Montesinos Parisaca, Tupac Russell"]
[Black "Contreras Huaman, Fiorella Daiana"]
[Result "0-1"]
[WhiteElo "1565"]
[BlackElo "1880"]
[PlyCount "84"]
[EventDate "2023.10.16"]
[EventType "swiss"]
[EventRounds "9"]
[EventCountry "PER"]
[SourceTitle "Mega2024 Update 01"]
[Source "Chessbase"]
[SourceDate "2023.11.12"]
[SourceVersion "1"]
[SourceVersionDate "2023.11.12"]
[SourceQuality "1"]

1. b3 d5 2. Bb2 Bf5 3. g3 e6 4. Bg2 Nf6 5. Nf3 h6 6. d3 Be7 7. 0-0 0-0 8. c4 c6 9. Qc2 Nbd7 10. Nbd2 Bh7 11. a3 a5 12. Bc3 Re8 13. b4 a4 14. c5 Bf8 15. Qb2 Qe7 16. d4 Ne4 17. Nxe4 Bxe4 18. Rfe1 f5 19. Bf1 f4 20. Nd2 Bh7 21. e3 g5 22. e4 Qf7 23. Bd3 h5 24. Qc2 Bh6 25. exd5 Bxd3 26. Qxd3 exd5 27. Nf3 fxg3 28. fxg3 Qh7 29. Qxh7+ Kxh7 30. Ne5 Nf6 31. b5 Ne4 32. bxc6 bxc6 33. Bb4 Re6 34. Rf1 Bg7 35. Rf7 Kg8 36. Rc7 Bxe5 37. dxe5 Rae8 38. Rc1 R8e7 39. Rc8+ Kg7 40. Ba5 Rxe5 41. Rc2 Kg6 42. Bb6 Kf5 0-1

[Event "Pan American-ch School U17 12th"]
[Site "Callao"]
[Date "2023.10.19"]
[Round "6"]
[White "Montesinos Parisaca, Tupac Russell"]
[Black "Sifuentes Alcantara, Jhony Sebastian"]
[Result "1-0"]
[WhiteElo "1565"]
[BlackElo "1714"]
[PlyCount "57"]
[EventDate "2023.10.16"]
[EventType "swiss"]
[EventRounds "9"]
[EventCountry "PER"]
[SourceTitle "Mega2024 Update 01"]
[Source "Chessbase"]
[SourceDate "2023.11.12"]
[SourceVersion "1"]
[SourceVersionDate "2023.11.12"]
[SourceQuality "1"]

1. e4 c5 2. Nf3 e6 3. d3 Nc6 4. g3 g6 5. Bg5 Qb6 6. Nbd2 Bg7 7. Nc4 Qc7 8. c3 b5 9. Ncd2 Nge7 10. Bg2 0-0 11. 0-0 a5 12. e5 Bb7 13. Ne4 h6 14. Bf6 Nd5 15. Bxg7 Kxg7 16. Nxc5 Rfd8 17. Qe2 Rac8 18. Nxb7 Qxb7 19. Nd2 Qb8 20. d4 Nce7 21. Ne4 b4 22. c4 Nb6 23. Nd6 Rc7 24. b3 Nf5 25. Nxf5+ gxf5 26. g4 fxg4 27. Qxg4+ Kf8 28. Qf4 f5 29. Qxh6+ 1-0

[Event "Pan American-ch School U17 12th"]
[Site "Callao"]
[Date "2023.10.16"]
[Round "2"]
[White "Montesinos Parisaca, Tupac Russell"]
[Black "Cabrera Quispe, Piero Andre"]
[Result "1-0"]
[WhiteElo "1565"]
[BlackElo "1712"]
[PlyCount "123"]
[EventDate "2023.10.16"]
[EventType "swiss"]
[EventRounds "9"]
[EventCountry "PER"]
[SourceTitle "Mega2024 Update 01"]
[Source "Chessbase"]
[SourceDate "2023.11.12"]
[SourceVersion "1"]
[SourceVersionDate "2023.11.12"]
[SourceQuality "1"]

1. Nf3 Nf6 2. b3 g6 3. Bb2 Bg7 4. g3 0-0 5. Bg2 d6 6. d4 c6 7. 0-0 Na6 8. c4 d5 9. Nc3 Nc7 10. h3 Nce8 11. cxd5 cxd5 12. Ne5 Nd6 13. Nxd5 Nxd5 14. Bxd5 Bxh3 15. Re1 Qa5 16. Bf3 Rad8 17. Nc4 Nxc4 18. bxc4 Qa6 19. Qb3 Bxd4 20. Bxb7 Qf6 21. Bxd4 Rxd4 22. c5 Rd2 23. Qf3 Qd4 24. Rac1 Bg4 25. Qg2 Rxe2 26. c6 Rxe1+ 27. Rxe1 Qd6 28. Rc1 Qc7 29. Qe4 Bf5 30. Qd4 a5 31. Rd1 Bc8 32. Rb1 Rd8 33. Qa7 h5 34. Qe3 Kh7 35. Qb6 Qxb6 36. Rxb6 Kg7 37. Kf1 Bxb7 38. cxb7 Rb8 39. Ke2 Kf8 40. Kd3 Ke8 41. Kc4 Kd7 42. Kb5 Kc7 43. Ka6 g5 44. Ka7 Rxb7+ 45. Rxb7+ Kd6 46. Rb5 f6 47. Rxa5 e5 48. Rb5 Ke6 49. a4 Kf5 50. a5 h4 51. gxh4 gxh4 52. a6 Kf4 53. Kb8 h3 54. a7 h2 55. a8Q e4 56. Qa1 Kf3 57. Qh1+ Ke2 58. Qxe4+ Kf1 59. Rb1+ Kxf2 60. Rb2+ Kg3 61. Rg2+ Kh3 62. Qg4# 1-0